000
00294 a2200109 4500
999
_c
13326
_d
13326
008
250519b ||||| |||| 00| 0 eng d
020
_a
9788195727209
100
_a
Piyush Das, Parul G. Munjal (editor)
245
_a
Space Under a Tree
260
_b
Copal Publishing
_c
2022
942
_2
ddc